| 000 | 00954nam a22002537a 4500 | ||
|---|---|---|---|
| 003 | DO-SdBNP | ||
| 005 | 20260304085435.0 | ||
| 007 | ta | ||
| 008 | 210927b 1995 dr 00| 0 eng d | ||
| 040 |
_aDO-SdBNP _bspa _cBNPHU |
||
| 082 | 4 |
_a320.97293 _bP397h _222 |
|
| 100 | 1 |
_aPeña Gomez, Jose Francisco , _d1937-1998 _92994 |
|
| 245 | 1 | 0 |
_aHacia la democracia : _bEnero de 1966-Diciembre de 1973 / _cJosé Francisco Peña Gómez; investigación, recopilación y edición Sara Peralta de Rathe |
| 260 |
_aSanto Domingo : _bCorripio, _c1995. |
||
| 300 |
_a4 v. ; _c23 cm. |
||
| 490 | 0 |
_aPensamiento político _v2 |
|
| 590 | _aInventariado, 2021/BT | ||
| 600 | 1 | 0 |
_aPeña Gomez, Jose Francisco , _d1937-1998 _xPensamiento político _92994 |
| 650 | 7 |
_aDemocracia _9286 |
|
| 651 | 0 |
_aRepública Dominicana _xPolítica y gobierno _945 |
|
| 700 | 1 |
_aPeralta Rathe, Sara de, _eed. _980042 |
|
| 910 | _aBtavárez/Validado. Control de calidad MFF | ||
| 942 |
_2ddc _cLBS1 |
||
| 999 |
_c50656 _d50656 |
||